| 000 | 00848nam a2200205 4500 | ||
|---|---|---|---|
| 008 | 091030r20052004nyuabcf b 001 0beng | ||
| 020 | _a158567690X :gift | ||
| 020 | _a9781585676903 | ||
| 090 |
_aBS501.C78 _bK22a |
||
| 100 | 1 | _aKeay, Julia. | |
| 245 | 1 | 0 |
_aAlexander the Corrector : _bthe tormented genius whose Cruden's concordance unwrote the Bible / _cJulia Keay. |
| 260 |
_aWoodstock, NY : _bOverlook Press, _c2005. |
||
| 300 |
_axviii, 269 p., [16] p. of plates : _bill., map, ports. ; _c21 cm. |
||
| 500 | _aOriginally published: London : HarperCollins, 2004. | ||
| 504 | _aIncludes bibliographical references (p. 255-259) and index. | ||
| 600 | 1 | 4 |
_aCruden, Alexander, _d1699-1770. |
| 650 | 4 |
_aBiblical scholars _zGreat Britain _vBiography. |
|
| 951 |
_p33386 _x00038478 _oBS501.C78/K22a _j091030105249312 _d2000-12-21 _cGC |
||
| 999 |
_c33779 _d33779 |
||